000 00591nam a2200217Ia 4500
005 20250508165057.0
008 008 250505s9999 xx 000 0 eng d
020 _a0-19-563460-8
037 _aTextual
040 _aFEDL
_beng
_cFEDL
041 _aeng
_2eng
084 _a911.545 6, SPE
_qFEDL
100 _aSpear T G P
245 0 _aDelhi: Its monuments and history
260 _aNew Delhi, India
_bOxford University Press
_c1994
300 _ax,177p.
365 _aINR
_b290
546 _aMACESE
942 _cTEXL
_h911.545 6, SPE
999 _c1393020
_d1393020